Finanzas pb︢licas Soporte para el desarrollo del Estado

Detalles Bibliográficos
Autor principal: Cr̤doba Padilla, Marcial
Formato: eBook
Lenguaje:español
Publicado: Bogot ̀: ECOE, 2009
Materias:
Acceso en línea:http://www.vlex.com/source/6862

MARC

LEADER 00000nam a22000007a 4500
005 20130121172259.0
007 cr|||| ||||
008 130121e2009 ck |||||s|||| 00||0 spa d
020 |a 9586485900 
035 |a 6862 
040 |a vLex 
090 |c 3568  |d 3568 
100 1 0 |a Cr̤doba Padilla, Marcial  
245 1 0 |a Finanzas pb︢licas  |b Soporte para el desarrollo del Estado  |h [Recurso electrn̤ico] 
256 |a Servicio en ln̕ea 
260 |a Bogot ̀:  |b ECOE,   |c 2009 
300 |a 1 Recurso electrn̤ico 
650 0 4 |a Derecho presupuestario  |z Colombia 
650 0 4 |a Hacienda pb︢lica  |z Colombia 
740 |a vLex Libros (Servicio en ln̕ea) 
856 |a Acceso restringido  |u http://www.vlex.com/source/6862 
942 |c BOOK 
999 0 |a Budget